| 000 | 01299nam a22001577a 4500 | ||
|---|---|---|---|
| 999 |
_c524969 _d524969 |
||
| 008 | 240202b ||||| |||| 00| 0 eng d | ||
| 100 |
_aDhaliwal, Iqbal and Pandit, Siddharth _948362 |
||
| 245 | _aDigital learning platform: Competency buliding for civil services | ||
| 260 | _aISTM Journal of Training Research and Governance | ||
| 300 | _a1(2), Aug, 2021: p.45-54 | ||
| 520 | _aThis article is an attempt to describe an array of new technology-based avenues of quick and effective learning that have been uncovered in pandemic time in recent past and how they could be leveraged for bringing innovations in training methodology in line with i-GOT Karmayogi platform philosophy. Referring to practical experiences gathered from Institute of Secretariat Training & Management and Lal Bahadur Shastri National Academy of Administration, this article makes out a practical guide for both new and experienced faculty members alike to start their journey afresh in quest of latest means to reach out to their trainees.-Reproduced https://www.istm.gov.in/home/rti_disclosure/235 | ||
| 650 |
_aMission Karmayogi, National Programme for Civil Services Capacity Building, NPCSCB _948363 |
||
| 773 | _aISTM Journal of Training Research and Governance | ||
| 906 | _aCIVIL SERVICES | ||
| 942 | _cAR | ||